| 000 | 00629nam a22001815i 4500 | ||
|---|---|---|---|
| 001 | 54344 | ||
| 003 | ES-MaACL | ||
| 005 | 20230906162935.0 | ||
| 007 | t| | ||
| 008 | 960717s1887 sp ||||1| spa d | ||
| 040 |
_aCAM _bspa _cCAM |
||
| 100 | 1 |
_aFolleville, Daniel de. _951471 |
|
| 245 | 1 | 0 |
_aIntroducción a un curso de derecho internacional privado / _cpor Daniel de Folleville; traducida y anotada por Cándido Emperador Félez. |
| 260 |
_aZaragoza : _b[s.n.], _c1887 ( _fTip. de E. Casañal y compañía) |
||
| 300 |
_a69, [1] p. ; _c21 cm. |
||
| 700 | 1 |
_aEmperador Félez, Cándido. _947166 |
|
| 852 |
_aES-MaACL _j1601-F-8 |
||
| 999 |
_c54344 _d54344 |
||